Parcs naturels nationaux et régionaux de France - Statistiques

Statistiques générales
  • Ce quiz a été pris 37 fois
  • Le résultat moyen est 38 sur 78
Statistiques - réponses
Hint Réponse % Correct
Bouches-du-Rhône Parc National des Calanques
81%
Hautes-Pyrénées / Pyrénées-Atlantiques Parc National des Pyrénées
78%
Haute-Corse Parc naturel marin du Cap Corse et de l'Agriate
78%
Jura / Doubs / Ain PNR du Haut-Jura
78%
Corse PNR de Corse
74%
Haut-Rhin / Haute-Saône / Vosges / Territoire de Belfort PNR des Ballons des Vosges
74%
Alpes-Maritimes / Alpes-de-Haute-Provence Parc National du Mercantour
70%
Bouches-du-Rhône PNR de Camargue
70%
Drôme / Isère PNR du Vercors
70%
Oise / Val-d'Oise PNR Oise-Pays de France
70%
Ardennes PNR des Ardennes
67%
Guyane Parc Amazonien de Guyane
63%
Guadeloupe Parc National de Guadeloupe
63%
La Réunion Parc National de La Réunion
63%
Savoie Parc National de la Vanoise
63%
Ardèche / Gard / Lozère Parc National des Cévennes
63%
Somme PNR de la baie de Somme
63%
Côte d'Or / Nièvre / Saône-et-Loire / Yonne PNR du Morvan
63%
Indre-et-Loire / Maine-et-Loire PNR Loire-Anjou-Touraine
63%
Hautes-Alpes / Isère Parc National des Écrins
59%
Martinique Parc naturel marin de Martinique
59%
Pas-de-Calais / Somme / Seine-Maritime Parc naturel marin des estuaires picards et de la mer d'Opale
59%
Guyane PNR de Guyane
59%
Martinique PNR de Martinique
59%
Vendée / Charente-Maritime / Deux-Sèvres PNR du Marais poitevin
59%
Alpes-de-Haute-Provence / Var PNR du Verdon
59%
Côte d'Or / Haute-marne Parc National de forêts
56%
Gironde Parc naturel marin du Bassin d'Arcachon
56%
Corrèze / Creuse / Haute-Vienne PNR de Millevaches en Limousin
56%
Aveyron / Hérault PNR des Grands Causses
56%
Bas-Rhin / Moselle PNR des Vosges du Nord
56%
Dordogne et Haute-Vienne PNR du Périgord Limousin
56%
Mayotte Parc naturel marin de Mayotte
52%
Puy-de-Dôme / Haute-Loire / Loire PNR Livradois-Forez
52%
Var Parc National de Port-Cros
48%
Charente-Maritime / Gironde / Vendée Parc naturel marin de l'estuaire de la Gironde et de la mer des Pertuis
48%
Bouches-du-Rhône PNR des Alpilles
48%
Drôme / Hautes-Alpes PNR des Baronnies provençales
48%
Gironde / Landes PNR des Landes de Gascogne
48%
Cantal / Puy-de-Dôme PNR des Volcans d'Auvergne
48%
Vaucluse / Alpes-de-Haute-Provence PNR du Luberon
48%
Loire / Rhône PNR du Pilat
48%
Isère / Savoie PNR de Chartreuse
44%
Lot PNR des Causses du Quercy
44%
Morbihan PNR du Golfe du Morbihan
44%
Vaucluse PNR du Mont-Ventoux
44%
Aude / Pyrénées-Orientales PNR Corbières-Fenouillèdes
41%
Loire-Atlantique PNR de la Brière
41%
Yvelines / Essonne PNR de la Haute Vallée de Chevreuse
41%
Aveyron / Cantal / Lozère PNR de l'Aubrac
41%
Doubs PNR du Doubs Horloger
41%
Hautes-Alpes PNR du Queyras
41%
Val-d'Oise / Yvelines PNR du Vexin français
41%
Orne / Manche / Mayenne / Sarthe PNR Normandie-Maine
41%
Nord PNR de l'Avesnois
37%
Meuse / Meurthe-et-Moselle / Moselle PNR de Lorraine
37%
Savoie / Haute-Savoie PNR du Massif des Bauges
37%
Orne / Eure-et-Loir PNR du Perche
37%
Gironde PNR Médoc
37%
Finistère Parc naturel marin d'Iroise
33%
Finistère PNR d'Armorique
33%
Indre PNR de la Brenne
33%
Marne PNR de la Montagne de Reims
33%
Bouches-du-Rhône / Var PNR de la Sainte-Beaume
33%
Alpes-Maritimes PNR des Préalpes d'Azur
33%
Ariège PNR des Pyrénées ariégeoises
33%
Pyrénées-Orientales PNR des Pyrénées catalanes
33%
Essonne / Seine-et-Marne PNR du Gâtinais français
33%
Nord PNR Scarpe-Escaut
33%
Aude PNR de la Narbonnaise en Méditerranée
30%
Haute-Loire / Ardèche PNR des Monts d'Ardèche
30%
Hérault / Tarn PNR du Haut-Languedoc
30%
Aube PNR de la Forêt d'Orient
26%
Aude / Pyrénées-Orientales Parc naturel marin du golfe du Lion
22%
Pas-de-Calais PNR des caps et marais d'Opale
22%
Manche / Calvados PNR des Marais du Cotentin et du Bessin
22%
Eure / Seine-Maritime PNR des Boucles de la Seine Normande
19%
Côtes-d'Armor / Ille-et-Vilaine Parc naturel régional Vallée de la Rance - Côte d'Émeraude
15%
Aucun quiz correspondant
Distribution des résultats
% des personnes avec chaque résultat
Percentile par nombre de réponses
Votre historique - résultats
Vous n’avez pas pris ce quiz